Bhakti Schools of Vedanta (Record no. 182698)

MARC details
000 -LEADER
fixed length control field 00535nam a22001817a 4500
005 - DATE AND TIME OF LATEST TRANSACTION
control field 20211202111322.0
010 ## - LCCN (DPL NO)
LC control number ENG-130168
020 ## - INTERNATIONAL STANDARD BOOK NUMBER
International Standard Book Number 978-81-7883-800-7
Terms of availability 700.00
035 ## - SYSTEM CONTROL NUMBER
System control number EN-113700
037 ## - SOURCE OF ACQUISITION
Source of stock number/acquisition DBAD/PUB
082 ## - DEWEY DECIMAL CLASSIFICATION NUMBER
Classification number 100
100 ## - MAIN ENTRY--PERSONAL NAME
Personal name Tapasyananda, Swami.
245 ## - TITLE STATEMENT
Title Bhakti Schools of Vedanta
Statement of responsibility, etc Swami Tapasyananda
260 ## - PUBLICATION, DISTRIBUTION, ETC. (IMPRINT)
Place of publication, distribution, etc Chennai
Name of publisher, distributor, etc Adhyaksha
Date of publication, distribution, etc 2019
270 ## - ADDRESS
City Chennai
Address Sri Ramakrishan Math, Mylapore
300 ## - PHYSICAL DESCRIPTION
Extent xvii, 514p.
Dimensions 21cm(hbk)
Other physical details Appendices, Index
942 ## - ADDED ENTRY ELEMENTS (KOHA)
Source of classification or shelving scheme Dewey Decimal Classification
Item type English Books
Classification part 100
Call number suffix SWA
Holdings
Withdrawn status Lost status Not for loan Collection code Home library Current library Date acquired Source of acquisition Cost, normal purchase price Full call number Barcode Copy number Cost, replacement price Koha item type
      Non-fiction Shahdara Branch Shahdara Branch 02/12/2021 DBAD/PUB 350.00 181 SWA EN-113700 1 350.00 English Books

© Delhi Public Library
Hit Counter
free hit counter